Online
Catalog

El libro de oro Cuba & / (Record no. 33906)

MARC details
000 -CABECERA
campo de control de longitud fija 00825nam a2200217 a 4500
001 - NÚMERO DE CONTROL
campo de control 000034415
005 - FECHA Y HORA DE LA ÚLTIMA TRANSACCIÓN
campo de control 20200930073704.0
008 - DATOS DE LONGITUD FIJA--INFORMACIÓN GENERAL
campo de control de longitud fija 111004s2006 sp ac 000 0 spa d
020 ## - NÚMERO INTERNACIONAL ESTÁNDAR DEL LIBRO
Número Internacional Estándar del Libro 9590901611 (Editorial José Martí)
020 ## - NÚMERO INTERNACIONAL ESTÁNDAR DEL LIBRO
Número Internacional Estándar del Libro 8847601851 (Casa Editrice Bonechi)
040 ## - FUENTE DE LA CATALOGACIÓN
Centro catalogador/agencia de origen DO-SdBNP
Lengua de catalogación spa
Centro/agencia transcriptor BNPHU
082 ## - NÚMERO DE LA CLASIFICACIÓN DECIMAL DEWEY
Número de clasificación xxx
100 1# - ENTRADA PRINCIPAL--NOMBRE DE PERSONA
Nombre de persona Recio, Renato
9 (RLIN) 59839
245 13 - MENCIÓN DE TÍTULO
Título El libro de oro Cuba & /
Mención de responsabilidad, etc. textos de Renato Recio, Eduardo Jiménez y Milena Recio ; fotografías Marco Bonechi y Paolo Giambone.
260 ## - PUBLICACIÓN, DISTRIBUCIÓN, ETC.
Lugar de publicación, distribución, etc. Florencia, Italia :
Nombre del editor, distribuidor, etc. Editrice Bonechi ;
Lugar de publicación, distribución, etc. La Habana, Cuba :
Nombre del editor, distribuidor, etc. Editorial José Martí,
Fecha de publicación, distribución, etc. 2006.
300 ## - DESCRIPCIÓN FÍSICA
Extensión 127 p. :
Otras características físicas il., retrs. ;
Dimensiones 26 cm.
700 1# - PUNTO DE ACCESO ADICIONAL--NOMBRE DE PERSONA
Nombre de persona Jiménez, Eduardo
9 (RLIN) 59840
700 1# - PUNTO DE ACCESO ADICIONAL--NOMBRE DE PERSONA
Nombre de persona Recio, Milena
9 (RLIN) 59841
700 1# - PUNTO DE ACCESO ADICIONAL--NOMBRE DE PERSONA
Nombre de persona Bonechi, Marco,
Término indicativo de función/relación fot.
9 (RLIN) 59842
700 1# - PUNTO DE ACCESO ADICIONAL--NOMBRE DE PERSONA
Nombre de persona Giambone, Paolo,
Término indicativo de función/relación fot.
9 (RLIN) 59843
Holdings
Estado de retiro Estado de pérdida Restricciones de uso No para préstamo Código de colección Localización permanente Ubicación/localización actual Ubicación en estantería Fecha de adquisición Número de inventario Total de préstamos Signatura topográfica completa Código de barras Fecha visto por última vez Precio válido a partir de Tipo de ítem Koha
        Monografías: Libros y Folletos General General Orden iniciada 04.10.2011 LF1   xxx 34415-10 25.06.2020 25.06.2020 No se presta
        Monografías: Libros y Folletos General General Orden iniciada 04.10.2011 LF1   xxx 34416-20 25.06.2020 25.06.2020 No se presta
        Monografías: Libros y Folletos Patrimonio Dominicano Patrimonio Dominicano Orden iniciada 04.10.2011 LF1   xxx 34416-10 25.06.2020 25.06.2020 No se presta

Powered by Koha